| 000 | 01083pam a2200301 a 4500 | ||
|---|---|---|---|
| 001 | 3090350 | ||
| 003 | OSt | ||
| 005 | 20160506154703.0 | ||
| 008 | 980924s1999 cauab b 001 0 eng | ||
| 010 | _a 98045707 | ||
| 020 | _a0805330445 | ||
| 040 |
_aDLC _cDLC _dDLC |
||
| 050 | 0 | 0 |
_aQH308.2 _b.C34 1999 |
| 082 | 0 | 0 |
_a574 _221 _bCAM 1999 |
| 100 | 1 |
_aCampbell, Neil A., _98525 |
|
| 245 | 1 | 0 |
_aBiology / _cNeil A. Campbell, Jane B. Reece, Lawrence G. Mitchell. |
| 250 | _a5th ed. | ||
| 260 |
_aMenlo Park, Calif. : _bBenjamin Cummings, _c1999. |
||
| 300 |
_a1 v. (various pagings) : _bcol.ill, col. maps ; _c28 cm. + _e1 computer laser optical disc (4 3/4 in.) |
||
| 504 | _aIncludes bibliographical references and index. | ||
| 650 | 0 |
_aBiology. _95602 |
|
| 700 | 1 |
_aReece, Jane B. _98526 |
|
| 700 | 1 |
_aMitchell, Lawrence G. _98527 |
|
| 906 |
_a7 _bcbc _corignew _d1 _eocip _f19 _gy-gencatlg |
||
| 942 |
_2ddc _cSLOAN |
||
| 999 |
_c3884 _d3884 |
||